<?xml version="1.0" encoding="UTF-8"?>
<record
    xmlns:xsi="http://www.w3.org/2001/XMLSchema-instance"
    xsi:schemaLocation="http://www.loc.gov/MARC21/slim http://www.loc.gov/standards/marcxml/schema/MARC21slim.xsd"
    xmlns="http://www.loc.gov/MARC21/slim">

  <leader>01407nam a2200205 a 4500</leader>
  <controlfield tag="008">011117t2013    ck a|||g |||| 000 1 spa d</controlfield>
  <datafield tag="020" ind1=" " ind2=" ">
    <subfield code="a">9789588727752</subfield>
  </datafield>
  <datafield tag="041" ind1=" " ind2=" ">
    <subfield code="a">spa</subfield>
  </datafield>
  <datafield tag="092" ind1=" " ind2=" ">
    <subfield code="c">808</subfield>
    <subfield code="l">28</subfield>
    <subfield code="s">GAR</subfield>
  </datafield>
  <datafield tag="100" ind1="1" ind2=" ">
    <subfield code="a">Garc&#xED;a M&#xE1;rquez, Aida</subfield>
    <subfield code="9">4138</subfield>
  </datafield>
  <datafield tag="245" ind1=" " ind2=" ">
    <subfield code="a">Gabito, el ni&#xF1;o que so&#xF1;&#xF3; a Macondo /</subfield>
    <subfield code="c">Aida Garc&#xED;a M&#xE1;rquez</subfield>
  </datafield>
  <datafield tag="250" ind1=" " ind2=" ">
    <subfield code="a">1a ed.</subfield>
  </datafield>
  <datafield tag="260" ind1=" " ind2=" ">
    <subfield code="a">Colombia:</subfield>
    <subfield code="b">Grupo Z;</subfield>
    <subfield code="c">2013.</subfield>
  </datafield>
  <datafield tag="300" ind1=" " ind2=" ">
    <subfield code="a">159 p.</subfield>
  </datafield>
  <datafield tag="500" ind1=" " ind2=" ">
    <subfield code="a">Garc&#xED;a M&#xE1;rquez, A. (2013). Gabito, el ni&#xF1;o que so&#xF1;&#xF3; a Macondo. (1a ed.). Colombia : Grupo Z.</subfield>
  </datafield>
  <datafield tag="520" ind1=" " ind2=" ">
    <subfield code="a">La infancia es una patria, dijo un poeta. Gabito el ni&#xF1;o que so&#xF1;o a Macondo , es un maravilloso recorrido por la ni&#xF1;ez del Nobel colombiano en Aracara. Su hermana Aida Rosa, es una prosa sobria y entra&#xF1;able, nos introduce en el mundo donde se cre&#xF2; Macondo.
El lector encontrar&#xE0; las claves para saber la procedencia de Remedios la Bella, del coronel Aureliano Buend&#xEC;a y otros personajes que sirvieron de inspiraci&#xF2;n para esa gran novela de todos los tiempos: Cien a&#xF1;os de soledad. Existen muchos libros sobre Garc&#xEC;a Marquez, pero ninguno que nos acerque con tanta veracidad y pasi&#xF2;n al ni&#xF1;p que fue mago, director de teatro, guionista de pel&#xEC;culas, dibujante, cantante de boleros y luego al escritor que fabul&#xF2; nuestras ra&#xEC;ces como ning&#xF9;n otro. 
</subfield>
  </datafield>
  <datafield tag="590" ind1=" " ind2=" ">
    <subfield code="a">Donaci&#xF3;n. Proyecto Literatura 4to libro</subfield>
  </datafield>
  <datafield tag="655" ind1=" " ind2=" ">
    <subfield code="a">Literatura</subfield>
    <subfield code="9">2917</subfield>
  </datafield>
  <datafield tag="942" ind1=" " ind2=" ">
    <subfield code="2">ddc</subfield>
    <subfield code="c">LIT</subfield>
  </datafield>
  <datafield tag="999" ind1=" " ind2=" ">
    <subfield code="c">3102</subfield>
    <subfield code="d">3102</subfield>
  </datafield>
  <datafield tag="952" ind1=" " ind2=" ">
    <subfield code="0">0</subfield>
    <subfield code="1">0</subfield>
    <subfield code="2">ddc</subfield>
    <subfield code="4">0</subfield>
    <subfield code="7">0</subfield>
    <subfield code="a">BFM</subfield>
    <subfield code="b">BFM</subfield>
    <subfield code="c">CR</subfield>
    <subfield code="d">2021-03-15</subfield>
    <subfield code="e">Donaci&#xF3;n Constanzo, Juan Carlos. Marzo 2021</subfield>
    <subfield code="l">0</subfield>
    <subfield code="o">808 28 GAR</subfield>
    <subfield code="p">4655</subfield>
    <subfield code="r">2021-03-15</subfield>
    <subfield code="t">Ej. 1</subfield>
    <subfield code="w">2021-03-15</subfield>
    <subfield code="y">LIT</subfield>
    <subfield code="z">Donaci&#xF3;n Constanzo, Juan Carlos. Marzo 2021</subfield>
  </datafield>
</record>
